[Event "NED-ch59"]
[Site "Leeuwarden"]
[Date "2004.07.07"]
[Round "7"]
[White "Visser, Yge"]
[Black "Tiviakov, Sergei"]
[Result "0-1"]
[WhiteElo "2445"]
[BlackElo "2593"]
[Annotator "Psakhis,L"]
[PlyCount "86"]
[EventDate "2004.06.30"]
[EventType "tourn"]
[EventRounds "9"]
[EventCountry "NED"]
[EventCategory "12"]
[SourceTitle "CBM 102"]
[Source "ChessBase"]
[SourceDate "2004.09.23"]
[SourceVersion "1"]
[SourceVersionDate "2004.09.23"]
[SourceQuality "1"]

1. e4 c5 2. Nf3 d6 3. Bb5+ Nc6 4. O-O Bd7 5. Re1 Nf6 6. h3 $5 {[%cal Gd7g4]} (
6. c3 a6) 6... g6 (6... a6 7. Bf1 g5 8. d4 g4 9. d5 gxf3 10. dxc6 Bxc6 11. Qxf3
e6 12. Nc3 Be7 13. Bf4 Rg8 14. Rad1 Rg6 15. a3 Qc7 16. b4 cxb4 17. axb4 b5 18.
g3 O-O-O 19. Ra1 $36 {1-0 Adams,M-Hamdouchi,H/Wch KO Tripoli 2004/ (33)}) (6...
e6 7. c3 a6 8. Bf1 Be7 9. d4 cxd4 10. cxd4 d5 11. e5 Ne4 12. Nbd2 Nxd2 13. Bxd2
Rc8 14. Qb3 Rc7 15. Rac1 O-O 16. Bd3 $14 {[%csl Gd3] 1-0 Deepan,C-Areshchenko,
A/Kuala Lumpur ol 2002/(50)}) 7. c3 Ne5 $5 {This move has become quite popular
in the last couple of years.} (7... Bg7 8. d4 O-O 9. dxc5 dxc5 10. Na3 a6 11.
Bf1 b5 12. e5 Ne8 13. Be3 c4 14. Bf4 Nc7 15. Nc2 Ne6 16. Bg3 Qb6 17. b3 cxb3
18. axb3 Rfd8 $13 {1-0 Kochetkov,G-Kupreichik,V/Minsk 1999 (43)}) 8. Bxd7+
Nfxd7 9. d4 Nxf3+ 10. Qxf3 Bg7 11. Be3 (11. e5 dxe5 12. dxe5 Nxe5 13. Qxb7 O-O
14. Bg5 Qb6 15. Qxb6 axb6 16. b3 Ra7 17. a4 c4 18. bxc4 Nxc4 19. Rxe7 Rxe7 20.
Bxe7 Re8 21. Na3 Bxc3 22. Rc1 Nb2 23. Rxc3 Rxe7 24. Rb3 Nxa4 25. Rb4 Ra7 26.
Nc4 Kg7 {1/2-1/2 Shaw,J-Collinson,A/BCF t-ch 0304 2004/(26)}) 11... O-O 12.
dxc5 dxc5 $146 {According to my database, this position appeared for the first
time} (12... Nxc5 $5 13. Bxc5 dxc5 14. a4 Qd7 15. Qe2 Rad8 16. Qb5 Qc7 17. Na3
Rd7 18. Nc4 Rfd8 19. g3 Be5 20. Re3 g5 $11 {1/2-1/2 Oratovsky,M-Tiviakov,S/
Bastia op 2003/ (23)}) 13. Qe2 (13. Na3 a6 14. Rad1 Qc7 15. Bf4 Qc6 $13) 13...
Qc7 {Now we see, that black has succeeded to solve his opening problems} 14.
Nd2 (14. a4 {[%cal Gb1a3]}) 14... Rfc8 {[%cal Gc5c4]} (14... Rac8 $5 15. Rad1
Rfd8 $11) 15. f4 (15. Rad1 $5 c4 $140 $2 16. Qxc4 $1 Qxc4 17. Nxc4 $18) 15...
c4 $1 16. e5 Nb6 17. Bd4 (17. e6 f5 18. Rad1 $5) 17... Nd5 18. Qe4 e6 $13 {
[%csl Gd5][%cal Gb7b3]} 19. Nf3 b5 20. g4 $5 {[%cal Gf4f5]} Qc6 (20... Rd8 21.
f5) 21. h4 (21. f5 $5 $132) 21... a5 22. h5 Ne7 $1 23. Kf2 (23. hxg6 hxg6 24.
Rad1 {with more or less equal game.}) 23... gxh5 24. Qxc6 (24. gxh5 Qxe4 25.
Rxe4 Nf5 $13) 24... Rxc6 25. g5 (25. gxh5) 25... b4 $5 26. Rad1 {I dare say
this is the major cause of White's defeat.} ({Visser had to try} 26. Rh1 $1 Nd5
27. Kg3 {and just White can pretend for advantage.}) 26... bxc3 27. bxc3 (27.
Bxc3 Nd5) 27... Nf5 $1 {[%csl Gf5] White has lost simply pawn without getting
anything for it!} 28. Rb1 (28. Rh1 Rb8 29. Rd2 (29. Rxh5 Rb2+ 30. Rd2 Rxd2+ 31.
Nxd2 Nxd4 32. cxd4 a4 {[%csl Ga4,Gc4]}) 29... Rc7 $5 30. Rxh5 Rcb7 {[%cal
Gb7b2]}) 28... Bf8 (28... h6 $5) 29. Rb7 Rd8 {[%cal Gf8c5]} 30. Rd1 (30. Ke2
Bc5 $5) 30... a4 $1 {[%csl Ra2][%cal Ga4a3]} (30... Bc5 $5) 31. Ke2 h4 $1 {
[%csl Ga4,Gh4] Despite numerous exchanges, Tiviakov has maintained an edge.}
32. Rdb1 (32. Ra7 a3 33. Rb1 h3 $1) 32... h3 $1 {Seemingly, this move escaped
Visser's attention.} 33. Rb8 $6 ({The lesser evil for White was} 33. Rd1 $5 $17
) 33... Rxb8 34. Rxb8 Nxd4+ ({Another promising possibility was} 34... h2 $1
35. Nxh2 (35. Rb1 Ng3+) 35... Nxd4+ 36. cxd4 c3 $19) 35. Nxd4 (35. cxd4 c3 36.
Kd1 c2+ 37. Kc1 Kg7 {[%cal Rf8a3]}) 35... h2 36. Rb1 Rb6 $1 $19 {Final blow!}
37. Rh1 $8 Rb2+ 38. Kf3 Rxa2 {[%csl Ga4]} 39. Kg3 a3 40. Nf3 Rc2 41. Nxh2 Rxc3+
42. Kg2 a2 43. Ng4 (43. Ra1 Rc2+ 44. Kg3 Bb4 $19) 43... Ra3 (43... Ra3 44. Nf6+
Kg7 45. Ra1 Bc5) 0-1

[Event "Paris NAO GM 3rd"]
[Site "Paris"]
[Date "2003.12.20"]
[Round "6"]
[White "Maze, Sebastien"]
[Black "Murey, Jacob"]
[Result "0-1"]
[WhiteElo "2464"]
[BlackElo "2465"]
[Annotator "Psakhis,L"]
[PlyCount "52"]
[EventDate "2003.12.15"]
[EventType "tourn"]
[EventRounds "9"]
[EventCountry "FRA"]
[EventCategory "9"]
[SourceTitle "CBM 099"]
[Source "ChessBase"]
[SourceDate "2004.03.30"]
[SourceVersion "1"]
[SourceVersionDate "2004.03.30"]
[SourceQuality "1"]

1. e4 c5 2. Nf3 d6 3. Bb5+ Nd7 4. d4 Ngf6 5. Nc3 cxd4 6. Qxd4 e5 7. Qd3 h6 8.
h3 (8. O-O Be7 9. Be3 O-O 10. a4 Nb8 11. Bc4 Nc6 12. Nd5 Nxd5 13. Bxd5 Nb4 14.
Qb3 Nxd5 15. exd5 f5 (15... Qc7 $5) 16. Nxe5 $1 f4 17. Bd4 dxe5 18. d6+ Rf7 19.
dxe7 Qxe7 20. Bc3 f3 $132 {1-0 Vokac,M-Stocek,J/CZE t-ch 1998 (48)}) 8... Be7
9. Be3 O-O 10. a4 Nb8 11. O-O Nc6 12. Bc4 Nb4 $146 ({White failed to get any
advantage after} 12... Be6 $5 13. Bxe6 (13. Qe2 Qc8 14. Nd2 Nb4 15. Bxe6 fxe6
16. Nc4 Qc6 17. Na5 Qc7 18. Nb3 d5 $15 {Moore,R-Bryson/corr 1984/0-1 (44)}) (
13. Nd5 Bxd5 14. Bxd5 Nb4 15. Qb3 Nbxd5 16. exd5 Qc7 17. c4 Nd7 18. Rfc1 a5 19.
Nd2 Kh8 $13 {0-1 Ahmed,Z-Soylu,S/Thessaloniki ol 1984 (39)}) 13... fxe6 14.
Rad1 Rc8 15. Qb5 Qc7 16. Qb3 Qd7 17. Nb5 b6 18. Nc3 Rfd8 $11 {0-1 Sax,
G-Bronstein,D/Teesside 1975 (38)}) 13. Qe2 a6 14. Rfd1 {[%cal Rf3e5]} (14. a5
Be6 $13) 14... Qa5 15. Bb3 (15. Nh4 $5 {[%cal Gh4f5]} Kh7 $1 (15... Nxe4 $2 16.
Ng6 $1)) 15... Kh7 16. Nd2 (16. Qe1 $142 $5 {[%cal Gc3d5,Ge1a5]} Nc6 17. Nd2
Nd4 (17... Be6 18. Nc4) 18. Nc4 Qc5 19. a5 $16) 16... Be6 17. Nc4 Qc7 18. Nb6 (
18. a5 $5 {[%cal Ga1a4]}) 18... Rad8 19. a5 Bxb3 20. cxb3 Qc6 21. Ra4 $6 {
It looks like Maze was too happy with his position and overlooked Black's
combination.} ({Much stronger was the simple move} 21. Rac1 {and after the
almost forced} Qe8 $8 (21... Nxe4 22. Nxe4 Qxe4 23. Rc4 $18) 22. Qc4 Nc6 23. b4
$16 {white's advantage is obvious}) 21... d5 $1 {Having obtained his chance,
Murey skilfully sharpens the position. This move requires courage and accurate
calculation.} 22. Nbxd5 Nfxd5 23. exd5 Nxd5 24. Qd3+ e4 $1 25. Rxe4 $2 {
[%mdl 8192] This move meets a tactical refutation.} (25. Qxe4+ $142 f5 26. Qc2
$13) 25... Nxc3 26. Rd4+ Ne4 $1 0-1

[Event "Corus"]
[Site "Wijk aan Zee"]
[Date "2003.01.20"]
[Round "8"]
[White "Ivanchuk, Vassily"]
[Black "Topalov, Veselin"]
[Result "1/2-1/2"]
[WhiteElo "2699"]
[BlackElo "2743"]
[Annotator "Psakhis,L"]
[PlyCount "83"]
[EventDate "2003.01.11"]
[EventType "tourn"]
[EventRounds "13"]
[EventCountry "NED"]
[EventCategory "18"]
[SourceTitle "CBM 093"]
[Source "ChessBase"]
[SourceDate "2003.04.01"]
[SourceVersion "1"]
[SourceVersionDate "2003.04.01"]
[SourceQuality "1"]

1. e4 c5 2. Nf3 Nc6 3. Bb5 d6 4. Bxc6+ {Quite popular line, ten year ago} (4.
O-O Bd7 5. Re1 {was the main hit}) 4... bxc6 5. O-O Bg4 6. d3 Nf6 7. Bg5 (7. c3
e6 8. Bg5 Be7 9. Nbd2 O-O 10. Qa4 Bxf3 11. Nxf3 Qc7 12. Rfe1 Rfb8 13. Re2 e5
14. d4 exd4 15. cxd4 Rb4 16. Qa3 Rab8 $13 {1/2-1/2 Rublevsky,S-Tiviakov,S/
Russia (ch) 1996/ (39)}) (7. Nbd2 Nd7 8. h3 Bh5 9. c3 e6 10. Qa4 Qc7 11. Re1
Be7 12. d4 O-O 13. c4 Bf6 14. dxc5 Nxc5 15. Qa3 a5 16. e5 Be7 17. exd6 Bxd6 18.
Qc3 Rfd8 $14 {0-1 Skripchenko,A-Babula,V/Valle d'Aosta op 2002/ (27)}) 7... Nd7
$146 {Deviating from the theory at very early stage} (7... e5 8. Nbd2 Be7 9.
Nc4 O-O 10. Ne3 Be6 11. c3 h6 12. Bh4 g6 13. Qc2 g5 14. Bg3 Nh5 15. Rfd1 f6 16.
d4 cxd4 17. cxd4 $14 {Maiko,J-Chistiakov,A/Kiev op 1998/1-0 (51)}) 8. Nbd2 f6
$5 {Interesting and brave idea} 9. Bh4 (9. Be3 $5 {[%cal Gc2c3,Gd3d4]}) 9... e5
{[%csl Rh4]} 10. Nc4 Be7 (10... h5 $5 11. h3 Be6 12. Bg3 g5 $132) 11. Ne3 Be6
12. c3 (12. Nf5 Bxf5 13. exf5 O-O $15) 12... Rb8 13. b3 d5 {[%csl Gc5,Gd5,Ge5]
Even from the first look it is easy to see that Black solved all opening
problems - he has couple of bishops and strong pawn center.} 14. Nd2 (14. Nf5
$5) 14... g6 {Taking f5 square under the control} 15. Bg3 (15. Rc1 $5) 15... d4
16. Nc2 (16. Nec4 $5 dxc3 $140 17. Nb1) 16... g5 {Topalov is getting more amd
more space.} 17. f3 Nf8 {[%cal Gf8g6,Gg6f4]} 18. Be1 Ng6 19. Nc4 Qd7 (19... Nf4
$5) 20. Nb2 $5 {[%csl Rc5][%cal Gb2a4] Bringing knight on a4 and at least
organizing some preassure on c5 pawn.} O-O 21. Na3 {[%cal Ga3c4,Gb2a4]} (21.
Na4 $5) 21... f5 22. Nac4 g4 (22... f4 {[%cal Gh7h5,Gg5g4] also worth
considering}) 23. cxd4 cxd4 24. exf5 Rxf5 25. Bg3 (25. fxg4 $143 $6 Rxf1+ 26.
Kxf1 Bxg4 $17) 25... Rbf8 26. Qe2 {[%csl Re5]} gxf3 27. Rxf3 Rxf3 28. gxf3 Bd5
29. Nd2 $1 {[%cal Gd2e4] Knight on e4 will be good defender.} (29. Nxe5 Nxe5
30. Bxe5 Bxf3 $36) 29... Qf5 (29... Bg5 $5 30. Nbc4 Qf5 $36) 30. Nbc4 Bb4 31.
Rf1 h5 $5 32. h4 $8 Kh7 (32... Nf4 33. Bxf4 Qxf4 34. Ne4 Bxc4 35. bxc4 Qxh4 $15
) 33. Ne4 Be7 34. Qh2 Nf4 (34... Bxc4 35. dxc4 $5) 35. Bxf4 exf4 (35... Qxf4
36. Qxf4 exf4 37. Rf2 $13) 36. Rf2 $1 a5 {Topalov played all game in very
active style!} (36... Rg8+ 37. Rg2) 37. Kf1 (37. Rg2 $5) 37... a4 38. bxa4 Bxc4
$2 {Terrible mistake!} ({After} 38... Bxe4 $1 39. dxe4 (39. fxe4 Qg4 {[%csl
Ge7,Rf1,Gg4]}) 39... Qe6 $19 {Topalov will be very close to victory which he
surely deserves.}) 39. dxc4 Qa5 40. Rb2 Qxa4 41. Qe2 Qa3 42. Rb7 (42. Rb7 Kh6
$1 43. Ng5 Bxg5 44. hxg5+ Kxg5 45. Qe5+ Rf5 46. Rg7+ Kh6 47. Rh7+ $1 $11)
1/2-1/2

[Event "Alushta Autumn 1st"]
[Site "Alushta"]
[Date "2004.09.02"]
[Round "8"]
[White "Neelotpal, Das"]
[Black "Paragua, Mark"]
[Result "1-0"]
[WhiteElo "2448"]
[BlackElo "2529"]
[Annotator "Psakhis,L"]
[PlyCount "37"]
[EventDate "2004.08.28"]
[EventType "tourn"]
[EventRounds "15"]
[EventCountry "UKR"]
[EventCategory "9"]
[SourceTitle "CBM 103"]
[Source "ChessBase"]
[SourceDate "2004.11.11"]
[SourceVersion "1"]
[SourceVersionDate "2004.11.11"]
[SourceQuality "1"]

1. e4 c5 2. Nf3 d6 3. Bb5+ Nd7 4. d4 Ngf6 5. Nc3 a6 6. Bxd7+ Nxd7 7. O-O cxd4 (
{Black tried many times} 7... e6 {but after} 8. d5 $5 e5 9. a4 $14 {white as
usual keeps a small, but long-termed advantage.}) 8. Qxd4 e6 9. Bg5 (9. Bg5)
9... f6 (9... Qc7 10. Rad1 f6 11. Bh4 Ne5 12. Nd2 b5 13. f4 Nc6 14. Qd3 Be7 15.
Qh3 Nd8 16. a3 O-O 17. f5 d5 18. exd5 exf5 19. Nb3 Bd6 20. Nd4 Be5 {0-1 Ulibin,
M-Mamedov,R/Dubai op 2004/(67)}) 10. Be3 (10. Bh4 $5 {could be a reasonable
alternative to the text, for example:} Qc7 11. a4 Ne5 12. Nd2 Qc5 13. Qxc5 dxc5
14. f4 Nc6 15. Nc4 Bd7 16. e5 Be7 17. Ne4 $36 {1-0 Psakhis,L-Shetty,R/Benasque
op 1998 (30)}) 10... Qc7 (10... Be7 11. Qc4 (11. a4 $5) 11... Nc5 (11... Ne5 $5
) 12. a4 Bd7 13. a5 Rc8 14. Qa2 e5 15. Nd5 Kf8 16. Bxc5 Rxc5 17. b4 Rc6 18. c4
$16 {Ivanov-Dydyshko,V/Fridek Mistek op 1995/1/2-1/2 (43)}) 11. a4 Be7 $146 {
This is a novelty, but a novelty of low quality.} (11... Ne5 $5 12. Nxe5 dxe5
13. Qb6 Qxb6 14. Bxb6 Bd7 15. Rfd1 Bb4 16. Rd3 Bc6 17. f3 Kf7 18. Na2 Be7 19.
b3 g5 $11 {Jaksland,T-Aagaard,J/DEN t-ch 1995/0-1 (53)}) 12. a5 O-O (12... Ne5
13. Nxe5 fxe5 14. Qd3 O-O 15. Bb6 Qc6 16. Ra4 $5 $36) 13. Qd3 Ne5 ({Worth
considering sharp} 13... f5 $5 14. exf5 Rxf5 {trying to change the character
of the game.}) 14. Nxe5 dxe5 ({I think Black should have taken his chances with
} 14... fxe5 $5) 15. Bb6 Qc6 (15... Qd7 16. Rfd1 Qe8 (16... Qxd3 17. Rxd3 Kf7
18. Rad1 {[%csl Ra8,Rc8]}) 17. Ra4 $5 $36 {[%cal Ga4c4,Gc4c7]}) 16. Ra4 $1 {
Refuting his opponent's strategy in the most energetic way.} Rf7 17. Rc4 Qd7 (
17... Qe8 $5) 18. Rd1 {After this move there is no doubt of White's
overwhelming advantage.} Bf8 $4 {Final mistake, but even after the best} (18...
Qxd3 $8 19. Rxd3 $16 {white's position is clearly better.}) 19. Qe2 (19. Qe2
Qe7 20. Rd8 $18) 1-0

[Event "North Sea Cup 17th"]
[Site "Esbjerg"]
[Date "2002.07.09"]
[Round "5"]
[White "Hansen, Sune Berg"]
[Black "Tiviakov, Sergei"]
[Result "1-0"]
[WhiteElo "2545"]
[BlackElo "2628"]
[Annotator "Psakhis,L"]
[PlyCount "77"]
[EventDate "2002.07.05"]
[EventType "tourn"]
[EventRounds "9"]
[EventCountry "DEN"]
[EventCategory "14"]
[SourceTitle "CBM 091"]
[Source "ChessBase"]
[SourceDate "2002.11.12"]
[SourceVersion "1"]
[SourceVersionDate "2002.11.12"]
[SourceQuality "1"]

1. e4 c5 2. Nf3 Nc6 3. Bb5 d6 4. O-O Bd7 5. Re1 Nf6 6. h3 a6 7. Bf1 {It's
clear that White is not playing for an opening advantage.} Ne5 (7... e6 $5 8.
b3 Be7 9. Bb2 O-O 10. d3 b5 11. e5 dxe5 12. Nxe5 Nxe5 13. Bxe5 Bc6 14. Nd2 Nd7
15. Bb2 Bf6 $11 {1/2-1/2 Stefansson,H-Tiviakov,S/Esbjerg North Sea Cup 2002/ 
(25)}) (7... g6 8. c3 Bg7 9. d4 O-O 10. d5 Ne5 11. Nxe5 dxe5 12. Nd2 Qc7 13. b3
Ne8 14. Bb2 Nd6 15. c4 $14 {Kalod,R-Chytilek,R/CZE-ch Ostrava 2002/1-0 (37)}) (
{Worth considering sharp} 7... g5 $5 {with possible continuation} 8. d4 g4 9.
d5 gxf3 10. dxc6 Bxc6 11. Qxf3 e6 12. Nc3 Be7 13. Bf4 b5 14. Rad1 Ra7 15. Qe3
Rd7 $13 {1/2-1/2 Baklan,V-Timoshenko,G/Enakievo 1997 (22)}) 8. a4 $146 (8. Nxe5
dxe5 9. b3 e6 10. Bb2 Qc7 11. d3 Bc6 12. Nd2 Be7 13. Nc4 Nd7 14. Qh5 g6 15.
Bxe5 Nxe5 16. Qxe5 Qxe5 17. Nxe5 Bf6 18. f4 g5 $1 19. Rad1 Bb5 20. g3 gxf4 21.
gxf4 Rg8+ 22. Kh2 Bxe5 23. fxe5 Rg5 24. Be2 $14 {1/2-1/2 Shaw,J-Timoshenko,G/
Groningen op 1999 (31)}) 8... Nxf3+ (8... b6 $5) 9. Qxf3 e6 ({Playing with
black pieces, I would think about} 9... b6 $5) 10. d3 (10. a5 $5 $14 {[%csl
Rb6]}) 10... Bc6 11. Nd2 Be7 (11... b6 $5 {again deserves attention}) 12. a5
$14 {[%csl Rb6]} O-O 13. Nc4 Nd7 (13... d5 14. Ne5) 14. Qg3 d5 15. exd5 Bxd5 (
15... exd5 16. Nd6 $14 {[%cal Gd6f5]} (16. Bh6 Bf6 17. Nd6 Ne5)) 16. Bf4 Bh4
17. Qg4 Bf6 18. c3 Re8 (18... Bxc4 19. dxc4 {[%cal Gg2g3,Gf1g2]}) 19. Nd6 Re7
20. Ne4 {Playing quite naturally White has reached a particularly good position
} Bxe4 (20... Re8 $5) 21. dxe4 {[%cal Ge4e5]} Be5 (21... Ne5 22. Qg3 Qc7 23.
Red1 $36) 22. Be3 Rc8 23. Red1 (23. f4 Bc7) 23... Bb8 24. f4 $1 {[%cal Ge4e5]}
Qc7 25. e5 Rce8 26. Bc4 (26. Qh4 c4 27. Ra4 $5) 26... Qc6 27. Bf2 {[%cal Gd1d3,
Ga1d1,Gd3g3]} f6 {Black has lost his temper, but in his passive position it
was not easy to sit and wait.} 28. Rxd7 $1 (28. Rd3 $5 fxe5 29. Bh4 Rf7 30. f5
$16) 28... Rxd7 29. exf6 {[%csl Gc4]} Rf7 30. Bh4 Kf8 ({Perhaps Black should
have considered} 30... Qe4 $5 31. f5 Qxg4 32. hxg4 gxf6 33. Bxe6 $16) 31. fxg7+
Rxg7 (31... Kg8 32. Re1 Rxf4 33. Rxe6 $1) 32. Bg5 $1 {[%cal Rg5h6] White is
winning, as his bishops cuts the board into two parts and Black´s king cannot
find already safe place.} Qe4 (32... Kg8 33. Re1 Rg6 34. f5) 33. Bh6 Ree7 (
33... Qg6 34. Qxg6 hxg6 35. Rd1 $18) 34. Rd1 {Hansen calmly brings more pieces
into attack, making Black's survival impossible} Bc7 35. Bxe6 $1 Bxa5 (35...
Qxe6 36. Bxg7+ Kf7 37. Qxe6+ Rxe6 38. f5 $18) 36. Bd5 $18 Qg6 37. Qc8+ Re8 38.
Qxc5+ Ree7 39. Bxg7+ 1-0